[Event "Quebec-ch sf"]
[Site "Montreal CAN"]
[Date "2005.06.11"]
[Round "2"]
[White "Gacogne, Charlie"]
[Black "Landry, Sylvain"]
[Result "1-0"]
[WhiteElo "1903"]
[BlackElo "2091"]
[PlyCount "83"]
[GameId "2160767910967985"]
[EventDate "2005.06.10"]
[EventType "swiss"]
[EventRounds "5"]
[EventCountry "CAN"]
[SourceTitle "EXT 2007"]
[Source "ChessBase"]
[SourceDate "2006.11.23"]
[SourceVersion "1"]
[SourceVersionDate "2006.11.23"]
[SourceQuality "1"]

1. e4 c5 2. Nc3 Nc6 3. g3 g6 4. Bg2 Bg7 5. Nge2 d6 6. d3 e6 7. Be3 Nd4 8. Qd2 Rb8 9. O-O b5 10. f4 Ne7 11. Nd1 Nxe2+ 12. Qxe2 O-O 13. Kh1 Qc7 14. Qd2 f5 15. Rb1 Bd7 16. Bg1 b4 17. Ne3 Bb5 18. exf5 gxf5 19. Rfe1 d5 20. Nf1 Qd6 21. Qe3 Rf6 22. Qxc5 Qd7 23. Bd4 Rc8 24. Qxb4 Nc6 25. Qxb5 Rb8 26. Qc5 Bf8 27. Qc3 Bb4 28. Bxf6 Bxc3 29. Bxc3 d4 30. Bd2 Ne7 31. c3 dxc3 32. Bxc3 Qxd3 33. Rbd1 Qc4 34. a3 Rb6 35. Rd7 Ng6 36. Red1 Rb8 37. Rg7+ Kf8 38. Rdd7 e5 39. fxe5 f4 40. gxf4 Nxf4 41. Rxh7 Qg8 42. Bb4+ 1-0

[Event "Quebec-ch sf"]
[Site "Montreal CAN"]
[Date "2005.06.11"]
[Round "2"]
[White "Larochelle, Martial"]
[Black "Keep, Richard"]
[Result "1-0"]
[WhiteElo "2174"]
[BlackElo "1564"]
[PlyCount "85"]
[GameId "2160767910967986"]
[EventDate "2005.06.10"]
[EventType "swiss"]
[EventRounds "5"]
[EventCountry "CAN"]
[SourceTitle "EXT 2007"]
[Source "ChessBase"]
[SourceDate "2006.11.23"]
[SourceVersion "1"]
[SourceVersionDate "2006.11.23"]
[SourceQuality "1"]

1. c4 c5 2. Nf3 Nc6 3. d4 cxd4 4. Nxd4 Nf6 5. g3 g6 6. Bg2 Bg7 7. Nc3 O-O 8. O-O Nxd4 9. Qxd4 d6 10. Qd2 a6 11. Rd1 Qc7 12. b3 Bd7 13. Bb2 Rab8 14. Rac1 Rfc8 15. e4 Bg4 16. Re1 Qd7 17. Nd5 Nxd5 18. exd5 e5 19. dxe6 Bxe6 20. Bxg7 Kxg7 21. Re4 d5 22. Rd4 b5 23. c5 Qa7 24. b4 a5 25. a3 axb4 26. axb4 Qa3 27. Bxd5 Bxd5 28. Rxd5 Rd8 29. Qd4+ Kh6 30. Qf4+ Kg7 31. Rxd8 Rxd8 32. c6 Rc8 33. c7 Qb2 34. Rc6 Qa1+ 35. Kg2 Qb1 36. h4 Qd3 37. Qe5+ Kh6 38. Qg5+ Kg7 39. Qf6+ Kh6 40. Rc5 Qe4+ 41. Kh2 Qxb4 42. Rh5+ Kxh5 43. Qg5# 1-0

[Event "Quebec-ch sf"]
[Site "Montreal CAN"]
[Date "2005.06.11"]
[Round "2"]
[White "Lemire-Paquin, Alexandre"]
[Black "Bachand-Fleurent, Julien"]
[Result "0-1"]
[WhiteElo "1929"]
[BlackElo "2243"]
[PlyCount "86"]
[GameId "2160767910967987"]
[EventDate "2005.06.10"]
[EventType "swiss"]
[EventRounds "5"]
[EventCountry "CAN"]
[SourceTitle "EXT 2007"]
[Source "ChessBase"]
[SourceDate "2006.11.23"]
[SourceVersion "1"]
[SourceVersionDate "2006.11.23"]
[SourceQuality "1"]

1. d4 d5 2. c4 c6 3. Nf3 e6 4. Nc3 dxc4 5. a4 Bb4 6. e3 b5 7. Bd2 a5 8. axb5 Bxc3 9. Bxc3 cxb5 10. b3 Bb7 11. bxc4 b4 12. Bb2 Nf6 13. Bd3 Ne4 14. O-O O-O 15. Nd2 Nxd2 16. Qxd2 Nd7 17. Qc2 h6 18. f4 Qc7 19. e4 Bc6 20. e5 Rfb8 21. f5 exf5 22. d5 Bb7 23. Bd4 Nxe5 24. Rfe1 f6 25. Bxf5 a4 26. Bxe5 fxe5 27. Be6+ Kh8 28. Rxa4 Qc5+ 29. Kh1 Rxa4 30. Qxa4 Qxc4 31. Qd7 Qc5 32. d6 Qc2 33. Bh3 Qf2 34. Rg1 Bd5 35. Qc7 Qb6 36. Qxb6 Rxb6 37. d7 Rd6 38. Rc1 Bc6 39. Kg1 Bxd7 40. Bxd7 Rxd7 41. Rc8+ Kh7 42. Rb8 Rd4 43. Kf2 Kg6 0-1

[Event "Quebec-ch sf"]
[Site "Montreal CAN"]
[Date "2005.06.11"]
[Round "2"]
[White "Libersan, Thierry"]
[Black "Forget, Luc"]
[Result "1/2-1/2"]
[WhiteElo "2030"]
[BlackElo "1926"]
[PlyCount "144"]
[GameId "2160767910967988"]
[EventDate "2005.06.10"]
[EventType "swiss"]
[EventRounds "5"]
[EventCountry "CAN"]
[SourceTitle "EXT 2007"]
[Source "ChessBase"]
[SourceDate "2006.11.23"]
[SourceVersion "1"]
[SourceVersionDate "2006.11.23"]
[SourceQuality "1"]

1. d4 Nf6 2. c4 e6 3. Nf3 c5 4. g3 cxd4 5. Nxd4 Nc6 6. Bg2 Bc5 7. Nb3 Be7 8. Nc3 O-O 9. O-O d6 10. Nd4 d5 11. cxd5 exd5 12. Be3 Re8 13. Rc1 Be6 14. h3 Ne5 15. b3 Nc6 16. Qd3 Qd7 17. Kh2 Nxd4 18. Qxd4 b6 19. Bg5 Rac8 20. e3 h6 21. Bxf6 Bxf6 22. Qd2 Rxc3 23. Rxc3 Bxc3 24. Qxc3 Rc8 25. Qd3 a5 26. Rd1 Rd8 27. Qd4 b5 28. a3 a4 29. b4 Rc8 30. e4 Rc4 31. Qd2 d4 32. Bf1 Rc3 33. Qxd4 Qxd4 34. Rxd4 Bc4 35. Bxc4 bxc4 36. b5 Rxa3 37. Rxc4 Rb3 38. Rxa4 Rxb5 39. Kg2 g6 40. Ra3 h5 41. f4 Rb2+ 42. Kf3 Rh2 43. e5 h4 44. Kg4 hxg3 45. Kxg3 Rh1 46. Kg4 Kg7 47. Ra7 Re1 48. Kf3 Kf8 49. Ra4 Rh1 50. Kg2 Re1 51. Ra6 Re3 52. h4 Kg8 53. Ra2 Kf8 54. Rf2 Kg7 55. Rf3 Re2+ 56. Kg3 f6 57. exf6+ Kxf6 58. Ra3 Rb2 59. Ra6+ Kf5 60. Ra5+ Kf6 61. Rc5 Ra2 62. h5 gxh5 63. Rxh5 Kg6 64. Rb5 Ra6 65. Kg4 Rc6 66. Rg5+ Kf6 67. Rh5 Kg6 68. f5+ Kf7 69. Rh3 Rb6 70. Kg5 Rb1 71. f6 Kg8 72. Re3 Kf8 1/2-1/2

[Event "Quebec-ch sf"]
[Site "Montreal CAN"]
[Date "2005.06.11"]
[Round "2"]
[White "Masse, Hugues"]
[Black "Fournier, Christian"]
[Result "1-0"]
[WhiteElo "2281"]
[BlackElo "1499"]
[PlyCount "71"]
[GameId "2160767910967989"]
[EventDate "2005.06.10"]
[EventType "swiss"]
[EventRounds "5"]
[EventCountry "CAN"]
[SourceTitle "EXT 2007"]
[Source "ChessBase"]
[SourceDate "2006.11.23"]
[SourceVersion "1"]
[SourceVersionDate "2006.11.23"]
[SourceQuality "1"]

1. d4 e6 2. c4 b6 3. e4 Bb7 4. Bd3 Bb4+ 5. Bd2 a5 6. Nf3 Nf6 7. Qe2 d6 8. O-O Bxd2 9. Nbxd2 Qe7 10. e5 dxe5 11. dxe5 Ng4 12. Be4 c5 13. Bxb7 Qxb7 14. Ne4 O-O 15. h3 Nh6 16. Rad1 Nc6 17. Nd6 Qe7 18. Qe4 Qc7 19. Rd2 Ne7 20. Rfd1 Rad8 21. Nb5 Rxd2 22. Rxd2 Qc6 23. Qxc6 Nxc6 24. Rd6 Rc8 25. g4 Kf8 26. Kf1 Ke7 27. Ke2 f5 28. Ng5 Nf7 29. Rxe6+ Kd7 30. Rxc6 Rxc6 31. Nxf7 fxg4 32. hxg4 h6 33. Nfd6 g5 34. Ke3 Ke7 35. Ke4 Ke6 36. a4 1-0

[Event "Quebec-ch sf"]
[Site "Montreal CAN"]
[Date "2005.06.11"]
[Round "2"]
[White "Pepin, Christian"]
[Black "McDonough, Jonathan"]
[Result "1-0"]
[WhiteElo "1998"]
[BlackElo "2222"]
[PlyCount "121"]
[GameId "2160767910967990"]
[EventDate "2005.06.10"]
[EventType "swiss"]
[EventRounds "5"]
[EventCountry "CAN"]
[SourceTitle "EXT 2007"]
[Source "ChessBase"]
[SourceDate "2006.11.23"]
[SourceVersion "1"]
[SourceVersionDate "2006.11.23"]
[SourceQuality "1"]

1. e4 e6 2. d4 d5 3. exd5 exd5 4. Bd3 c5 5. c3 Nc6 6. Ne2 c4 7. Bc2 Bd6 8. Bf4 Nge7 9. Nd2 Bg4 10. f3 Bf5 11. Nf1 O-O 12. Nfg3 Bg6 13. Rc1 Re8 14. Kf2 Qc7 15. Qd2 b5 16. Rhe1 Bxc2 17. Rxc2 Ng6 18. Bxd6 Qxd6 19. Qg5 h6 20. Qg4 b4 21. h4 Nf8 22. Qxg7+ Kxg7 23. Nf5+ Kf6 24. Nxd6 Re6 25. Nb5 Re7 26. Nf4 Rd7 27. Nc7 Rad8 28. Na6 bxc3 29. bxc3 Ne6 30. Nxe6 fxe6 31. Nc5 Re7 32. Rce2 Rd6 33. g4 e5 34. dxe5+ Rxe5 35. f4 Rxe2+ 36. Rxe2 Kf7 37. Rd2 h5 38. Ne4 Rd8 39. Ng5+ Kf6 40. gxh5 d4 41. cxd4 Nxd4 42. h6 c3 43. Ne4+ Kg6 44. Nxc3 Rc8 45. Rxd4 Rxc3 46. Rd6+ Kh7 47. Ra6 Rh3 48. Ke2 Rc3 49. f5 Rh3 50. a4 Rxh4 51. Ke3 Rb4 52. a5 Ra4 53. Kd3 Rf4 54. Rf6 Ra4 55. a6 Rf4 56. Kc3 Kh8 57. Rf7 Kg8 58. Rxa7 Rxf5 59. Rb7 Rf3+ 60. Kd4 Rf4+ 61. Ke5 1-0

[Event "Quebec-ch sf"]
[Site "Montreal CAN"]
[Date "2005.06.11"]
[Round "2"]
[White "Ramaswamy, Kishor"]
[Black "Sicotte, Marc"]
[Result "1-0"]
[WhiteElo "2071"]
[BlackElo "2012"]
[PlyCount "83"]
[GameId "2160767910967991"]
[EventDate "2005.06.10"]
[EventType "swiss"]
[EventRounds "5"]
[EventCountry "CAN"]
[SourceTitle "EXT 2007"]
[Source "ChessBase"]
[SourceDate "2006.11.23"]
[SourceVersion "1"]
[SourceVersionDate "2006.11.23"]
[SourceQuality "1"]

1. d4 Nf6 2. Nf3 g6 3. Bg5 Ne4 4. Bh4 Bg7 5. e3 c5 6. Bd3 d5 7. c3 Nc6 8. O-O O-O 9. Qc2 Bf5 10. dxc5 b6 11. Nd4 Nxd4 12. cxd4 bxc5 13. Bxe4 Bxe4 14. Qxc5 Re8 15. Nc3 Qd7 16. f3 Rac8 17. Qa5 Bf5 18. Nxd5 Be6 19. Nc3 Bc4 20. Rfd1 Qb7 21. b3 Be6 22. Rac1 Bh6 23. Bf2 Red8 24. Ne4 Qb6 25. Qa3 Bf8 26. Nc5 Bd5 27. e4 Ba8 28. Qa6 Rxc5 29. Qxb6 Rxc1 30. Qxd8 Rxd1+ 31. Be1 Bxe4 32. Kf2 Bb1 33. Ke2 Rc1 34. Bd2 Rc2 35. Kd1 Kg7 36. Bh6+ Kxh6 37. Qxf8+ Kg5 38. Qxe7+ Kh6 39. g4 Kg7 40. d5 Rxa2 41. d6 Bc2+ 42. Kc1 1-0

[Event "Quebec-ch sf"]
[Site "Montreal CAN"]
[Date "2005.06.11"]
[Round "2"]
[White "Ye, Ling Feng"]
[Black "Malveau, Cedric"]
[Result "1-0"]
[WhiteElo "1883"]
[BlackElo "2012"]
[PlyCount "55"]
[GameId "2160767910967992"]
[EventDate "2005.06.10"]
[EventType "swiss"]
[EventRounds "5"]
[EventCountry "CAN"]
[SourceTitle "EXT 2007"]
[Source "ChessBase"]
[SourceDate "2006.11.23"]
[SourceVersion "1"]
[SourceVersionDate "2006.11.23"]
[SourceQuality "1"]

1. e4 c5 2. Nc3 Nc6 3. Nge2 d6 4. d4 cxd4 5. Nxd4 Nf6 6. Be3 e6 7. Be2 a6 8. a4 Be7 9. O-O Qc7 10. f4 O-O 11. Kh1 Re8 12. Nb3 b6 13. Bf3 Bb7 14. Qd2 Nd7 15. Rad1 Nc5 16. Qf2 Bf6 17. e5 dxe5 18. Bxc5 bxc5 19. Nxc5 exf4 20. Rd7 Qc8 21. N3e4 Bd4 22. Qd2 Bxc5 23. Nxc5 Rb8 24. Qxf4 Rf8 25. Rc7 e5 26. Rxc8 exf4 27. Rxf8+ Kxf8 28. Nd7+ 1-0

[Event "Quebec-ch sf"]
[Site "Montreal CAN"]
[Date "2005.06.11"]
[Round "3"]
[White "Audet-Bouchard, Nicolas"]
[Black "Masse, Hugues"]
[Result "1/2-1/2"]
[WhiteElo "2126"]
[BlackElo "2281"]
[PlyCount "127"]
[GameId "2160767910967993"]
[EventDate "2005.06.10"]
[EventType "swiss"]
[EventRounds "5"]
[EventCountry "CAN"]
[SourceTitle "EXT 2007"]
[Source "ChessBase"]
[SourceDate "2006.11.23"]
[SourceVersion "1"]
[SourceVersionDate "2006.11.23"]
[SourceQuality "1"]

1. e4 e5 2. f4 d5 3. exd5 exf4 4. Nf3 Nf6 5. c4 c6 6. d4 Bb4+ 7. Nc3 cxd5 8. Bxf4 O-O 9. Be2 dxc4 10. O-O Bg4 11. Bg5 Be7 12. Bxc4 Nc6 13. Be3 Rc8 14. Bb3 a6 15. Qd3 Nb4 16. Qd2 Nbd5 17. Bg5 Nxc3 18. bxc3 Ne4 19. Bxe7 Nxd2 20. Bxd8 Nxb3 21. axb3 Rfxd8 22. h3 Bh5 23. g4 Bg6 24. c4 Bc2 25. Ra3 Re8 26. Kf2 f6 27. d5 Bg6 28. Ra2 Re4 29. Re1 Rce8 30. Rae2 Rxe2+ 31. Rxe2 Rxe2+ 32. Kxe2 Kf7 33. Ke3 b6 34. Kd4 Ke7 35. b4 a5 36. bxa5 bxa5 37. Nd2 a4 38. c5 a3 39. Kc3 Bf7 40. Kd4 a2 41. Nb3 Bg6 42. Na1 h6 43. Ke3 Bf7 44. Kd4 Bg6 45. Ke3 Be8 46. Kd4 Ba4 47. Kc3 Bb5 48. Kb3 g5 49. d6+ Kd7 50. Kxa2 Bf1 51. Nc2 Bxh3 52. Ne3 f5 53. gxf5 h5 54. f6 Be6+ 55. Kb2 h4 56. Kc3 h3 57. Nf1 g4 58. Kd4 Kc6 59. Ke5 Bc4 60. Ng3 Kd7 61. Kf4 Ke6 62. Kg5 Bb5 63. Kg6 Be8+ 64. Kg7 1/2-1/2

[Event "Quebec-ch sf"]
[Site "Montreal CAN"]
[Date "2005.06.11"]
[Round "3"]
[White "Bachand-Fleurent, Julien"]
[Black "Malveau, Cedric"]
[Result "1-0"]
[WhiteElo "2243"]
[BlackElo "2012"]
[PlyCount "63"]
[GameId "2160767910967994"]
[EventDate "2005.06.10"]
[EventType "swiss"]
[EventRounds "5"]
[EventCountry "CAN"]
[SourceTitle "EXT 2007"]
[Source "ChessBase"]
[SourceDate "2006.11.23"]
[SourceVersion "1"]
[SourceVersionDate "2006.11.23"]
[SourceQuality "1"]

1. e4 c5 2. Nc3 Nc6 3. g3 g6 4. Bg2 Bg7 5. d3 d6 6. Be3 e6 7. Qd2 Rb8 8. Nge2 Qa5 9. O-O Nge7 10. Bh6 O-O 11. Bxg7 Kxg7 12. d4 a6 13. Kh1 b5 14. f4 b4 15. Nd1 Qc7 16. c3 a5 17. Ne3 f5 18. dxc5 dxc5 19. cxb4 cxb4 20. Rac1 Rd8 21. Qc2 Qa7 22. Nc4 Nd4 23. Nxd4 Rxd4 24. Rfd1 Qc5 25. Rxd4 Qxd4 26. Nxa5 Ba6 27. Qc7 Qd8 28. exf5 gxf5 29. Qe5+ Kf7 30. Bf3 Ng6 31. Rc7+ Ne7 32. Bh5+ 1-0

[Event "Quebec-ch sf"]
[Site "Montreal CAN"]
[Date "2005.06.11"]
[Round "3"]
[White "Benoit-Deschamps, Jean-Marc"]
[Black "Bolduc, Steve"]
[Result "1/2-1/2"]
[WhiteElo "1873"]
[BlackElo "2233"]
[PlyCount "106"]
[GameId "2160767910967995"]
[EventDate "2005.06.10"]
[EventType "swiss"]
[EventRounds "5"]
[EventCountry "CAN"]
[SourceTitle "EXT 2007"]
[Source "ChessBase"]
[SourceDate "2006.11.23"]
[SourceVersion "1"]
[SourceVersionDate "2006.11.23"]
[SourceQuality "1"]

1. d4 Nf6 2. c4 e6 3. Nc3 Bb4 4. e3 b6 5. Nge2 c5 6. a3 Ba5 7. Rb1 Na6 8. f3 d5 9. b4 cxb4 10. axb4 Nxb4 11. Rxb4 Bxb4 12. Qa4+ Bd7 13. Qxb4 a5 14. Qb1 O-O 15. cxd5 Nxd5 16. Nxd5 exd5 17. Nc3 Re8 18. Bd3 Rc8 19. Nb5 Qh4+ 20. g3 Bxb5 21. gxh4 Bxd3 22. Qb2 Rc2 23. Qa3 Bc4 24. Bd2 Ra2 25. Qc1 b5 26. Rg1 b4 27. e4 g6 28. h5 b3 29. hxg6 hxg6 30. Qb1 a4 31. e5 Rc2 32. Kd1 Bd3 33. Bb4 Be2+ 34. Ke1 Bxf3 35. Qxc2 bxc2 36. Kd2 Bd1 37. Rg3 Rb8 38. Ba3 Rb3 39. Rxb3 axb3 40. Kc3 f6 41. exf6 Kf7 42. Bc1 Kxf6 43. Kxb3 Kf5 44. Kc3 Kg4 45. Kb2 Kf3 46. Bg5 Kg2 47. Bf4 Kh3 48. Kc1 Kg4 49. Be5 Kf3 50. Bg3 Ke4 51. Be5 Kd3 52. Bg7 g5 53. Bf6 Kc3 1/2-1/2

[Event "Quebec-ch sf"]
[Site "Montreal CAN"]
[Date "2005.06.11"]
[Round "3"]
[White "Duchesneau, Alain"]
[Black "Tomb, Maroun"]
[Result "0-1"]
[WhiteElo "1659"]
[BlackElo "2164"]
[PlyCount "106"]
[GameId "2160767910967996"]
[EventDate "2005.06.10"]
[EventType "swiss"]
[EventRounds "5"]
[EventCountry "CAN"]
[SourceTitle "EXT 2007"]
[Source "ChessBase"]
[SourceDate "2006.11.23"]
[SourceVersion "1"]
[SourceVersionDate "2006.11.23"]
[SourceQuality "1"]

1. d4 Nf6 2. Bg5 d5 3. Nd2 c6 4. Ngf3 g6 5. e3 Bg7 6. Bd3 O-O 7. Ne5 Ne8 8. Bh4 Nd6 9. f4 f6 10. Nef3 Bf5 11. h3 Nd7 12. g4 Be4 13. Bf2 e5 14. O-O Bxf3 15. Qxf3 e4 16. Nxe4 dxe4 17. Bxe4 Nxe4 18. Qxe4 f5 19. Qe6+ Kh8 20. g5 Re8 21. Qb3 Nb6 22. c4 Qe7 23. a4 Qf7 24. Rac1 Nc8 25. Qb4 a5 26. Qb3 Bf8 27. Qd3 Nd6 28. Rc3 Ne4 29. Rb3 Bb4 30. Be1 Bxe1 31. Rxe1 Rad8 32. Rb6 Rd7 33. b4 axb4 34. Rxb4 Kg8 35. Reb1 Rde7 36. R4b3 Nd6 37. c5 Nc4 38. Rxb7 Rxb7 39. Rxb7 Qxb7 40. Qxc4+ Kg7 41. Kf2 Qb2+ 42. Kf3 Qb1 43. Qc3 Qe4+ 44. Kf2 Qd5 45. Qb2 Re7 46. Qb8 Qe4 47. Qb3 h6 48. h4 Qh1 49. gxh6+ Kxh6 50. h5 Qxh5 51. Qg8 Qh2+ 52. Kf1 Qh3+ 53. Kg1 Qxe3+ 0-1

[Event "Quebec-ch sf"]
[Site "Montreal CAN"]
[Date "2005.06.11"]
[Round "3"]
[White "Dupont, Alain"]
[Black "Lemire-Paquin, Alexandre"]
[Result "1/2-1/2"]
[WhiteElo "1721"]
[BlackElo "1929"]
[PlyCount "77"]
[GameId "2160767739119983"]
[EventDate "2005.06.10"]
[EventType "swiss"]
[EventRounds "5"]
[EventCountry "CAN"]
[SourceTitle "EXT 2007"]
[Source "ChessBase"]
[SourceDate "2006.11.23"]
[SourceVersion "1"]
[SourceVersionDate "2006.11.23"]
[SourceQuality "1"]

1. e4 c5 2. Nf3 d6 3. d4 cxd4 4. Nxd4 Nf6 5. Nc3 a6 6. a4 Nc6 7. Be2 e5 8. Nb3 Be7 9. Bg5 Nxe4 10. Bxe7 Nxc3 11. Bxd8 Nxd1 12. Bb6 Nxb2 13. Ra2 Nxa4 14. Rxa4 Be6 15. c4 Ke7 16. O-O f5 17. Rd1 Rhc8 18. h3 Rab8 19. g4 Nd8 20. Na5 Bd7 21. Rb4 Nc6 22. Nxc6+ bxc6 23. c5 d5 24. Bxa6 Re8 25. Ra4 Ra8 26. gxf5 Bxf5 27. Rda1 Bxh3 28. Bb7 Rxa4 29. Rxa4 Bd7 30. Bc7 Ke6 31. Bd6 d4 32. f4 exf4 33. Rxd4 g5 34. Ba6 Kf5 35. Bd3+ Kg4 36. Bxh7 Kf3 37. Rd1 Bg4 38. Rf1+ Kg3 39. Bd3 {..} 1/2-1/2

[Event "Quebec-ch sf"]
[Site "Montreal CAN"]
[Date "2005.06.11"]
[Round "3"]
[White "Forget, Luc"]
[Black "Ramaswamy, Kishor"]
[Result "0-1"]
[WhiteElo "1921"]
[BlackElo "2071"]
[PlyCount "90"]
[GameId "2160767910967997"]
[EventDate "2005.06.10"]
[EventType "swiss"]
[EventRounds "5"]
[EventCountry "CAN"]
[SourceTitle "EXT 2007"]
[Source "ChessBase"]
[SourceDate "2006.11.23"]
[SourceVersion "1"]
[SourceVersionDate "2006.11.23"]
[SourceQuality "1"]

1. d4 d5 2. c4 e6 3. Nf3 Nf6 4. Nc3 Nbd7 5. g3 dxc4 6. Bg2 c5 7. O-O Nb6 8. Bg5 Bd7 9. Ne4 Bc6 10. Nxc5 Bxc5 11. dxc5 Na4 12. Qc2 Qd5 13. Rfd1 Qxc5 14. Be3 Qb4 15. Bd2 Qxb2 16. Qxc4 Nb6 17. Qb3 Qxb3 18. axb3 O-O 19. Nd4 Bxg2 20. Kxg2 a6 21. f3 Rac8 22. Bb4 Rfd8 23. Rac1 Nbd5 24. Bd2 h6 25. Rxc8 Rxc8 26. e4 Ne7 27. Bb4 Kf8 28. Rd2 Ke8 29. Kf2 h5 30. h3 Nc6 31. Nxc6 Rxc6 32. g4 hxg4 33. hxg4 Nd7 34. Bd6 Nc5 35. Bxc5 Rxc5 36. Rd3 Ke7 37. f4 g5 38. f5 Kf6 39. Rd7 Rb5 40. e5+ Kxe5 41. Rxf7 Rxb3 42. Re7 Rb6 43. fxe6 Rxe6 44. Rxb7 Kf4 45. Ra7 Kxg4 0-1

[Event "Quebec-ch sf"]
[Site "Montreal CAN"]
[Date "2005.06.11"]
[Round "3"]
[White "Fournier, Christian"]
[Black "Bekteshi, Muhamet"]
[Result "0-1"]
[WhiteElo "1499"]
[BlackElo "2164"]
[PlyCount "72"]
[GameId "2160767910967998"]
[EventDate "2005.06.10"]
[EventType "swiss"]
[EventRounds "5"]
[EventCountry "CAN"]
[SourceTitle "EXT 2007"]
[Source "ChessBase"]
[SourceDate "2006.11.23"]
[SourceVersion "1"]
[SourceVersionDate "2006.11.23"]
[SourceQuality "1"]

1. e4 c6 2. d4 d5 3. exd5 cxd5 4. c4 e6 5. Nf3 Nf6 6. c5 Be7 7. h3 O-O 8. Bd3 Nc6 9. a3 a5 10. Nc3 b6 11. Be3 Ba6 12. O-O Bxd3 13. Qxd3 bxc5 14. dxc5 Nd7 15. Qb5 Qc7 16. Rfc1 Rfb8 17. Qe2 Qb7 18. Rab1 a4 19. Bf4 Rc8 20. Bd6 Bf6 21. Qb5 Qa7 22. Ne2 h6 23. Qd3 Nde5 24. Nxe5 Nxe5 25. Qb5 Nc4 26. Qb4 Qa6 27. Nc3 Qa5 28. Nb5 Nd2 29. f4 Nxb1 30. Rxb1 Qd8 31. Be5 Bxe5 32. fxe5 Rcb8 33. Kh1 Ra5 34. c6 Raxb5 35. Qd6 Rc8 36. Rc1 Qc7 0-1

[Event "Quebec-ch sf"]
[Site "Montreal CAN"]
[Date "2005.06.11"]
[Round "3"]
[White "Gacogne, Charlie"]
[Black "Libersan, Thierry"]
[Result "1/2-1/2"]
[WhiteElo "1903"]
[BlackElo "2086"]
[PlyCount "72"]
[GameId "2160767910967999"]
[EventDate "2005.06.10"]
[EventType "swiss"]
[EventRounds "5"]
[EventCountry "CAN"]
[SourceTitle "EXT 2007"]
[Source "ChessBase"]
[SourceDate "2006.11.23"]
[SourceVersion "1"]
[SourceVersionDate "2006.11.23"]
[SourceQuality "1"]

1. e4 c5 2. Nc3 Nc6 3. g3 g6 4. Bg2 Bg7 5. Nge2 e6 6. d3 Nge7 7. Be3 d6 8. Qd2 h5 9. h4 Rb8 10. O-O b5 11. d4 b4 12. Nd1 Ba6 13. dxc5 dxc5 14. Qxd8+ Rxd8 15. Re1 Nd4 16. Nxd4 Bxd4 17. a3 b3 18. cxb3 Bxe3 19. Nxe3 Rd2 20. Nc4 Bxc4 21. bxc4 Rxb2 22. Rab1 Rb6 23. Rxb6 axb6 24. Rb1 O-O 25. e5 Rd8 26. Rxb6 Rd1+ 27. Kh2 Ra1 28. Rb7 Nf5 29. Rc7 Nh6 30. Bh3 Rxa3 31. Rxc5 Kf8 32. Rc8+ Ke7 33. Rh8 Nf5 34. Rb8 Nd4 35. Rb7+ Kf8 36. Bg2 Rc3 1/2-1/2

[Event "Quebec-ch sf"]
[Site "Montreal CAN"]
[Date "2005.06.11"]
[Round "3"]
[White "Larochelle, Martial"]
[Black "Ye, Ling Feng"]
[Result "0-1"]
[WhiteElo "2174"]
[BlackElo "1883"]
[PlyCount "76"]
[GameId "2160767910968000"]
[EventDate "2005.06.10"]
[EventType "swiss"]
[EventRounds "5"]
[EventCountry "CAN"]
[SourceTitle "EXT 2007"]
[Source "ChessBase"]
[SourceDate "2006.11.23"]
[SourceVersion "1"]
[SourceVersionDate "2006.11.23"]
[SourceQuality "1"]

1. c4 Nf6 2. g3 g6 3. Bg2 Bg7 4. Nc3 O-O 5. d3 c5 6. e4 Nc6 7. Nge2 a6 8. O-O Rb8 9. Be3 d6 10. h3 b5 11. Qd2 e6 12. Rad1 Ne7 13. b3 Qc7 14. Bh6 Rd8 15. Bxg7 Kxg7 16. f4 d5 17. cxd5 exd5 18. e5 Ne8 19. d4 b4 20. Na4 c4 21. g4 Kh8 22. f5 gxf5 23. Qg5 Ng7 24. Ng3 Rg8 25. Nc5 Rb6 26. e6 Bxe6 27. gxf5 Bxf5 28. Rde1 Nh5 29. Rxe7 Rxg5 30. Rxc7 Nxg3 31. Re1 Ne4 32. Kh2 Rbg6 33. Bxe4 Bxe4 34. Nxe4 Rg2+ 35. Kh1 dxe4 36. bxc4 f5 37. h4 R2g4 38. Re2 f4 0-1

[Event "Quebec-ch sf"]
[Site "Montreal CAN"]
[Date "2005.06.11"]
[Round "3"]
[White "McDonough, Jonathan"]
[Black "Liard, Serge"]
[Result "1/2-1/2"]
[WhiteElo "2223"]
[BlackElo "1957"]
[PlyCount "137"]
[GameId "2160767910968001"]
[EventDate "2005.06.10"]
[EventType "swiss"]
[EventRounds "5"]
[EventCountry "CAN"]
[SourceTitle "EXT 2007"]
[Source "ChessBase"]
[SourceDate "2006.11.23"]
[SourceVersion "1"]
[SourceVersionDate "2006.11.23"]
[SourceQuality "1"]

1. d4 d5 2. c4 c6 3. Nf3 Nf6 4. Qc2 g6 5. Nc3 Bg7 6. e3 O-O 7. Be2 Bf5 8. Qb3 Qb6 9. Qa3 dxc4 10. Ne5 Nd5 11. Nxc4 Qb4 12. O-O Qxa3 13. Nxa3 Nxc3 14. bxc3 Nd7 15. Bf3 Nf6 16. Re1 Ne4 17. Bb2 Ng5 18. Bd1 Bd7 19. Rb1 f6 20. Nc4 b5 21. Na5 Rac8 22. Ba3 Rfe8 23. Nb3 Ne4 24. Nc5 Nxc5 25. Bxc5 e5 26. Bxa7 exd4 27. Bb3+ Be6 28. cxd4 Bxb3 29. axb3 Ra8 30. Ra1 Kf7 31. Rec1 Rec8 32. Kf1 Ke8 33. Bc5 f5 34. Ke2 Kd7 35. Kd3 Bf6 36. f3 Bg5 37. Rf1 Re8 38. e4 h5 39. Ra3 Rxa3 40. Bxa3 Ra8 41. Ra1 Bf4 42. h3 Bd6 43. Bb2 Rxa1 44. Bxa1 Ke6 45. Bc3 Bf8 46. Ba5 Bd6 47. Bb6 Bf4 48. g4 hxg4 49. hxg4 fxg4 50. fxg4 Bg5 51. Bc5 Bh4 52. Bb4 Bg5 53. Bd2 Be7 54. Ke2 Bf6 55. Be3 Be7 56. Kf3 Bd8 57. Kf4 Be7 58. Bd2 Bf6 59. Bc3 Be7 60. Kf3 Bg5 61. Be1 Bf6 62. Bf2 Bg5 63. Be3 Be7 64. Bh6 Bf6 65. e5 Be7 66. Kf4 Bh4 67. Bg5 Be1 68. Ke4 Bb4 69. Be3 1/2-1/2

[Event "Quebec-ch sf"]
[Site "Montreal CAN"]
[Date "2005.06.11"]
[Round "3"]
[White "Robidas, Francois"]
[Black "Pepin, Christian"]
[Result "1-0"]
[WhiteElo "2007"]
[BlackElo "1998"]
[PlyCount "59"]
[GameId "2160767910968002"]
[EventDate "2005.06.10"]
[EventType "swiss"]
[EventRounds "5"]
[EventCountry "CAN"]
[SourceTitle "EXT 2007"]
[Source "ChessBase"]
[SourceDate "2006.11.23"]
[SourceVersion "1"]
[SourceVersionDate "2006.11.23"]
[SourceQuality "1"]

1. e4 c6 2. d4 d5 3. Nc3 dxe4 4. Nxe4 Bf5 5. Ng3 Bg6 6. Nf3 e6 7. h4 h6 8. h5 Bh7 9. Bd3 Bxd3 10. Qxd3 Nf6 11. Bd2 Bd6 12. Ne4 Nxe4 13. Qxe4 Nd7 14. O-O-O Nf6 15. Qe2 Qc7 16. Ne5 O-O-O 17. Rh4 Rhe8 18. Kb1 c5 19. Nc4 cxd4 20. Rxd4 e5 21. Nxd6+ Rxd6 22. Rxd6 Qxd6 23. Bxh6 Qf8 24. Bg5 Rd8 25. Qc4+ Kb8 26. Rxd8+ Qxd8 27. Qxf7 Qd1+ 28. Bc1 Qxh5 29. Qxg7 Qf5 30. Qf8+ 1-0